Sports Quiz

Random Sports or NFL Quiz
Score 0/5 Timer 01:00
0 Plays Today
Team % Correct
Atlanta Falcons
93.5%
Philadelphia Flyers
63%
Calgary Flames
51.6%
Toronto Maple Leafs
31.3%
Kansas City Chiefs
31.1%

You're not logged in!

Compare scores with friends on all Sporcle quizzes.
OR
Log In

Sporcle TV

Today on Sporcle TV


Watch our educational content, quiz creation guides, and fun videos on Sporcle TV.

Show Comments

Extras

Top Quizzes Today


Score Distribution

Your Account Isn't Verified!

In order to create a playlist on Sporcle, you need to verify the email address you used during registration. Go to your Sporcle Settings to finish the process.

Report this User

Report this user for behavior that violates our Community Guidelines.

Details: